Guess these random Kpop idols #6 - Statistics

General Stats
  • This quiz has been taken 244 times
  • The average score is 9 of 17
Answer Stats
Picture Answer % Correct
Jennie - Blackpink
89%
Jin - BTS
87%
Huening Kai - TxT
86%
Nayeon - Twice
84%
Lily - Nmixx
82%
Chaewon - Le Sserafim
78%
The8 - Seventeen
71%
Wooyoung - Ateez
63%
Yujin - IVE
56%
Ten - Wayv
48%
Haechan - NCT127
46%
Baekhyun - Exo
39%
Yoon - Stayc
35%
Moon Sua - Billlie
28%
Dayeon - Kep1er
21%
Swan - Purple Kiss
13%
Jaehyun - Golden Child
5%
No matching quizzes found
Score Distribution
Percent of People with Each Score
Percentile by Number Answered
Your Score History
You have not taken this quiz